How to record graveyards /

Bibliographic Details
Main Author: Jones, Jeremy A.
Other Authors: Rahtz, Philip A.
Format: Book
Language:English
Published: London : Published by the Council for British Archaeology and RESCUE, 1979.
Edition:2nd ed.
Subjects:

MARC

Tag First Indicator Second Indicator Subfields
LEADER 00000cam a2200000 a 4500
001 in00000076183
005 20151008060452.0
008 810225s1979 enkaek b 00010 eng d
020 |a 090031284X 
035 |a (OCoLC)07157013 
035 |9 AAJ5818AM 
040 |a WLU  |c WLU  |d TXA  |d UtOrBLW 
049 |a TXAM  |c [1329263] 
090 |a CC77.B8  |b J66 1979 
100 1 |a Jones, Jeremy A. 
245 1 0 |a How to record graveyards /  |c by Jeremy Jones ; edited by Philip Rahtz ; cover by Susan Hirst. 
250 |a 2nd ed. 
264 1 |a London :  |b Published by the Council for British Archaeology and RESCUE,  |c 1979. 
300 |a viii, 40 pages :  |b illustrations, forms, plans ;  |c 21 cm. 
336 |a text  |b txt  |2 rdacontent 
337 |a unmediated  |b n  |2 rdamedia 
338 |a volume  |b nc  |2 rdacarrier 
504 |a Bibliography: pages 38-40. 
650 0 |a Archaeology  |x Methodology. 
650 0 |a Cemeteries. 
650 0 |a Epitaphs. 
650 0 |a Sepulchral monuments. 
700 1 |a Rahtz, Philip A. 
999 |a MARS 
999 f f |s 926c1e20-74c1-3e5f-b5f6-2d1e3af0b44f  |i 610e89d3-e600-38d5-b5f5-ec4115204db3  |t 0 
952 f f |p ric  |a Texas A&M University  |b Rellis Campus  |c Joint Library Facility  |d Remote Storage  |t 0  |e CC77.B8 J66 1979  |h Library of Congress classification  |i unmediated -- volume  |m A14806093854 
998 f f |a CC77.B8 J66 1979  |t 0  |l Remote Storage